Tình yêu trong mưa

Uloženo v:
Podrobná bibliografie
Hlavní autor: N Macfouz
Médium: Kniha
Jazyk:Undetermined
Vydáno: Hà Nội Tác Phẩm Mới 1985
Témata:
Tagy: Přidat tag
Žádné tagy, Buďte první, kdo otaguje tento záznam!
Thư viện lưu trữ: Trung tâm Học liệu Trường Đại học Cần Thơ
LEADER 00442nam a2200169Ia 4500
001 CTU_15979
008 210402s9999 xx 000 0 und d
082 |a 892.736 
082 |b M172 
100 |a N Macfouz 
245 0 |a Tình yêu trong mưa 
245 0 |c N Macfouz 
260 |a Hà Nội 
260 |b Tác Phẩm Mới 
260 |c 1985 
650 |a arabic fiction 
980 |a Trung tâm Học liệu Trường Đại học Cần Thơ